Kauza: tzv. Benešovy dekrety historické kořeny a souvislosti : (tři české hlasy v diskusi)

Bibliographic Details
Main Authors: Dejmek, Jindřich, 1965- (Author), Kuklík, Jan, 1967- (Author), Němeček, Jan, 1963 máj 30.- (Author)
Format: Book
Language:Czech
Published: Praha Historický ústav AV ČR 1999
Subjects:

MARC

LEADER 00000nam a2200000 a 4500
001 vtls001384649
003 SK-MaSNL
005 20260301011500.0
008 251124s1999 xr r 0 cze
020 |a 8072860011  |c [101,00] 
035 |a SNK000338762 
040 |a SNK  |b slo  |c SNK  |e AACR2 
044 |a xr  |c CZ 
080 |a 327(437.1=30)  |2 1981 
080 |a 325.254(=30):32  |2 1981 
100 1 |a Dejmek, Jindřich,  |d 1965-  |4 aut  |9 236210 
245 1 0 |a Kauza: tzv. Benešovy dekrety  |b historické kořeny a souvislosti : (tři české hlasy v diskusi)  |c Jindřich Dejmek, Jan Kuklík, Jan Němeček 
260 |a Praha  |b Historický ústav AV ČR  |c 1999 
300 |a 101 s.  |c 21 cm 
650 0 7 |a Česi  |x Nemci  |x vzťahy  |z Sudety (Česko: oblasť)  |x štúdie  |2 SNK  |9 294942 
651 7 |a Česko (Sudety: oblasť)  |x Nemci  |x postavenie  |x štúdie  |2 SNK  |9 294943 
700 1 |a Kuklík, Jan,  |d 1967-  |4 aut  |9 230362 
700 1 |a Němeček, Jan,  |d 1963 máj 30.-  |4 aut  |9 165536 
919 |a 80-7286-001-1 
999 |c 551021  |d 552951 
952 |t P60, <04>, [BOOK], {604}  |a SNK  |b SNK  |y VYP  |7 0  |p 17A0230518  |o snkIC 128508  |i snkV 525/2000  |0 0  |1 0  |4 0  |d 2000-03-20  |l 0  |r 2005-01-02 00:00:00  |w 2026-02-23